[Event "Oberliga Ost-B 2122"]
[Site "Germany"]
[Date "2022.04.30"]
[Round "2.7"]
[White "Nagelsdiek, Ralf"]
[Black "Schaefer, Michael"]
[Result "1/2-1/2"]
[WhiteElo "2039"]
[BlackElo "2133"]
[PlyCount "69"]
[EventDate "2021.10.10"]
[EventType "team-tourn"]
[EventRounds "11"]
[EventCountry "GER"]
[SourceTitle "EXT 2023"]
[Source "ChessBase"]
[SourceDate "2022.10.05"]
[SourceVersion "1"]
[SourceVersionDate "2022.10.05"]
[SourceQuality "1"]
[WhiteTeam "Bad Homburg"]
[BlackTeam "Moerlenbach Birkenau"]
[WhiteTeamCountry "GER"]
[BlackTeamCountry "GER"]

1. Nf3 c5 2. c4 g6 3. d4 cxd4 4. Qxd4 Nf6 5. Bg5 Bg7 6. Nc3 d6 7. e4 Nc6 8. Qd2 h6 9. Bh4 g5 10. Bg3 Nh5 11. Be2 Qa5 12. Nd5 Nxg3 13. Qxa5 Nxa5 14. hxg3 Kd8 15. 0-0-0 e6 16. Ne3 Ke7 17. Rd2 b6 18. Rhd1 Nb7 19. Bd3 Rd8 20. Bc2 Bd7 21. g4 Rac8 22. Nd4 a6 23. b3 b5 24. Kb1 b4 25. a4 Bc6 26. Nxc6+ Rxc6 27. Re2 Rcc8 28. g3 Na5 29. Rh1 Nc6 30. f4 Rh8 31. Rd2 Bd4 32. Rd3 Rcg8 33. Bd1 Bxe3 34. Rxe3 e5 35. f5 1/2-1/2

[Event "Hessenliga 1921"]
[Site "Hessen"]
[Date "2021.09.05"]
[Round "9.6"]
[White "Nagelsdiek, Ralf"]
[Black "Sunder, Thomas"]
[Result "0-1"]
[WhiteElo "2039"]
[BlackElo "2188"]
[PlyCount "120"]
[EventDate "2019.09.22"]
[EventType "team-tourn"]
[EventRounds "9"]
[EventCountry "GER"]
[SourceTitle "EXT 2024"]
[Source "ChessBase"]
[SourceDate "2023.10.10"]
[SourceVersion "1"]
[SourceVersionDate "2023.10.10"]
[SourceQuality "1"]
[WhiteTeam "Bad Homburg"]
[BlackTeam "Giessen"]
[WhiteTeamCountry "GER"]
[BlackTeamCountry "GER"]

1. Nf3 c5 2. c4 Nc6 3. Nc3 e5 4. e3 d6 5. g3 g6 6. Bg2 Bg7 7. 0-0 Nge7 8. Ne1 0-0 9. f4 Be6 10. Nd5 Qd7 11. d3 Bg4 12. Qa4 Nxd5 13. cxd5 Ne7 14. Qxd7 Bxd7 15. Bd2 exf4 16. gxf4 Rab8 17. Bc3 b5 18. a3 Nf5 19. Bh3 Rb7 20. Bxf5 Bxf5 21. e4 Bg4 22. Kf2 Re8 23. Bxg7 Kxg7 24. Rg1 Bh5 25. Nc2 f5 26. Ne3 Kf6 27. exf5 Rbe7 28. Rg3 gxf5 29. a4 c4 30. dxc4 bxc4 31. Rc1 Re4 32. Rxc4 Rb8 33. Rc7 Rxb2+ 34. Kg1 Rxa4 35. Rxh7 Ra1+ 36. Nf1 Bf7 37. Rh6+ Ke7 38. Re3+ Kf8 39. Rxd6 Rbb1 40. Rd8+ Kg7 41. Rf3 Rd1 42. h3 Bxd5 43. Rf2 Bc4 44. Rxd1 Rxd1 45. Kh2 Rxf1 46. Rd2 a6 47. Kg3 Re1 48. Kh4 Kf6 49. Rd6+ Re6 50. Rd8 Rc6 51. Rf8+ Bf7 52. Ra8 Kg6 53. Ra7 Bc4 54. Ra8 Rc7 55. Kg3 Rd7 56. Rc8 Bd5 57. Kh4 Ra7 58. Rb8 Kf6 59. Rb6+ Be6 60. Rb4 a5 0-1

[Event "Hessen Cup Goldener Springer"]
[Site "Griesheim"]
[Date "2019.01.20"]
[Round "5"]
[White "Nagelsdiek, Ralf"]
[Black "Hoehn, Michael"]
[Result "0-1"]
[WhiteElo "2021"]
[BlackElo "2012"]
[PlyCount "82"]
[EventDate "2019.01.18"]
[EventType "swiss"]
[EventRounds "6"]
[EventCountry "GER"]
[SourceTitle "EXT 2020"]
[Source "ChessBase"]
[SourceDate "2019.10.17"]
[SourceVersion "1"]
[SourceVersionDate "2019.10.17"]
[SourceQuality "1"]

1. Nf3 Nf6 2. c4 g6 3. d4 Bg7 4. Nc3 d5 5. g3 0-0 6. cxd5 Nxd5 7. Bg2 c5 8. Nxd5 Qxd5 9. dxc5 Qxd1+ 10. Kxd1 Bd7 11. Nd2 Bc6 12. Bxc6 Nxc6 13. Ke1 Rfd8 14. Nc4 Rd5 15. Be3 Nb4 16. Rc1 Nxa2 17. Rd1 Nb4 18. Rxd5 Nxd5 19. Kd2 Rd8 20. c6 Nb4+ 21. Kc1 Nxc6 22. b3 b5 23. Na3 a6 24. Nc2 Rc8 25. Kb1 Bc3 26. Rd1 Na5 27. Ka2 Bf6 28. Nb4 Kg7 29. Bd4 Bxd4 30. Rxd4 Nc6 31. Nxc6 Rxc6 32. Kb2 Rd6 33. Kc3 a5 34. Re4 Kf6 35. f4 Re6 36. Rxe6+ Kxe6 37. Kd4 Kd6 38. e4 f6 39. f5 e5+ 40. Kd3 gxf5 41. exf5 a4 0-1

[Event "Hessen Cup Goldener Springer"]
[Site "Griesheim"]
[Date "2019.01.18"]
[Round "1"]
[White "Pham, Phuong Bao"]
[Black "Nagelsdiek, Ralf"]
[Result "0-1"]
[WhiteElo "1806"]
[BlackElo "2021"]
[PlyCount "77"]
[EventDate "2019.01.18"]
[EventType "swiss"]
[EventRounds "6"]
[EventCountry "GER"]
[SourceTitle "EXT 2020"]
[Source "ChessBase"]
[SourceDate "2019.10.17"]
[SourceVersion "1"]
[SourceVersionDate "2019.10.17"]
[SourceQuality "1"]

1. e4 c5 2. Nf3 d6 3. d4 cxd4 4. Nxd4 Nf6 5. Nc3 a6 6. f3 e5 7. Nb3 Be6 8. Be3 Be7 9. Qd2 b5 10. g4 Nbd7 11. g5 Nh5 12. a4 b4 13. Nd5 Bxd5 14. exd5 0-0 15. Rg1 a5 16. 0-0-0 Qc7 17. Bb5 Rfc8 18. Rg4 Nf4 19. Bxf4 exf4 20. h4 Ne5 21. Rxf4 g6 22. Nd4 Bf8 23. Nc6 Bg7 24. Qe3 h5 25. Re4 Kh7 26. Rd2 f5 27. gxf6 Bxf6 28. Nxe5 Bxe5 29. Bc6 Ra7 30. Rg2 Qg7 31. b3 Rf7 32. Kd1 Rcf8 33. Rf2 Rf4 34. Rxf4 Rxf4 35. Qe1 Rd4+ 36. Rd2 Rf4 37. Qf2 Qf6 38. Rd3 Rxh4 39. Kd2 0-1

[Event "Hessenliga 1819"]
[Site "Hessen"]
[Date "2018.09.23"]
[Round "1.7"]
[White "Schmidt, Alexander"]
[Black "Nagelsdiek, Ralf"]
[Result "1/2-1/2"]
[WhiteElo "2131"]
[BlackElo "2021"]
[PlyCount "81"]
[EventDate "2018.09.23"]
[EventType "team-tourn"]
[EventRounds "9"]
[EventCountry "GER"]
[SourceTitle "EXT 2020"]
[Source "ChessBase"]
[SourceDate "2019.10.17"]
[SourceVersion "1"]
[SourceVersionDate "2019.10.17"]
[SourceQuality "1"]
[WhiteTeam "Bad Emstal/Wolfhagen"]
[BlackTeam "Bad Homburg"]
[WhiteTeamCountry "GER"]
[BlackTeamCountry "GER"]

1. e4 c5 2. Nf3 d6 3. d4 cxd4 4. Nxd4 Nf6 5. Nc3 a6 6. g3 e5 7. Nde2 Be7 8. Bg2 0-0 9. 0-0 Be6 10. h3 Nbd7 11. g4 b5 12. a3 Nb6 13. f4 exf4 14. Nxf4 Rc8 15. g5 Nfd7 16. Nxe6 fxe6 17. Qg4 Rxf1+ 18. Bxf1 Kh8 19. h4 Qg8 20. Bg2 Nc4 21. Qg3 Bd8 22. b3 Nce5 23. Bd2 Bb6+ 24. Kh1 Rf8 25. Rf1 Rxf1+ 26. Bxf1 Qf7 27. Kg2 Nf8 28. Be2 Kg8 29. a4 b4 30. Nd1 Qb7 31. Bd3 Bc7 32. Qe1 Nxd3 33. cxd3 a5 34. Nf2 Bb6 35. Be3 e5 36. Ng4 Ne6 37. Kg3 Bc5 38. Qc1 Qb6 39. Qc4 Kf7 40. Bd2 Bd4 41. h5 1/2-1/2

[Event "Hessen-chA"]
[Site "Frankfurt"]
[Date "2018.05.11"]
[Round "3"]
[White "Bajorski, Marius"]
[Black "Nagelsdiek, Ralf"]
[Result "1-0"]
[WhiteElo "1911"]
[BlackElo "2004"]
[PlyCount "111"]
[EventDate "2018.05.10"]
[EventType "swiss"]
[EventRounds "7"]
[EventCountry "GER"]
[SourceTitle "EXT 2019"]
[Source "ChessBase"]
[SourceDate "2018.10.10"]
[SourceVersion "1"]
[SourceVersionDate "2018.10.10"]
[SourceQuality "1"]

1. e4 c5 2. Nf3 d6 3. Bb5+ Bd7 4. c4 Nf6 5. Nc3 g6 6. d4 cxd4 7. Nxd4 Bg7 8. 0-0 0-0 9. Re1 a6 10. Bxd7 Nbxd7 11. b3 Re8 12. Bb2 Ng4 13. Qxg4 Bxd4 14. Rad1 Ne5 15. Qe2 Nc6 16. Nd5 e5 17. Rd3 Bxb2 18. Qxb2 b5 19. Rc1 Nd4 20. cxb5 axb5 21. Nc7 Rc8 22. Rdc3 Rf8 23. Nxb5 Rxc3 24. Nxc3 Qg5 25. Kf1 f5 26. exf5 Qxf5 27. Qd2 Rc8 28. Ne2 Rxc1+ 29. Qxc1 Qd3 30. Qc4+ Qxc4 31. bxc4 Nc6 32. Nc1 Na5 33. c5 dxc5 34. Nd3 c4 35. Nxe5 Kg7 36. Ke2 Kf6 37. Nd7+ Ke7 38. Nc5 Kd6 39. Ne4+ Ke5 40. Ke3 h6 41. h4 Nc6 42. g4 Ke6 43. f4 h5 44. gxh5 gxh5 45. Ng3 c3 46. a3 c2 47. Kd2 Nd4 48. a4 Kd5 49. f5 Kc4 50. f6 Kb3 51. f7 Kb2 52. Ne2 Nxe2 53. f8Q c1Q+ 54. Kxe2 Qc4+ 55. Ke3 Qxh4 56. Qf2+ 1-0

[Event "Frankfurt-chA"]
[Site "Frankfurt"]
[Date "2018.05.07"]
[Round "2"]
[White "Nagelsdiek, Ralf"]
[Black "Staerke, Karsten"]
[Result "1-0"]
[WhiteElo "1991"]
[BlackElo "1804"]
[PlyCount "117"]
[EventDate "2018.04.30"]
[EventType "swiss"]
[EventRounds "7"]
[EventCountry "GER"]
[SourceTitle "EXT 2019"]
[Source "ChessBase"]
[SourceDate "2018.10.10"]
[SourceVersion "1"]
[SourceVersionDate "2018.10.10"]
[SourceQuality "1"]

1. c4 e5 2. Nc3 Nc6 3. g3 f5 4. e3 Nf6 5. Bg2 d5 6. Nxd5 Nxd5 7. cxd5 Nb4 8. d3 Nxd5 9. Nf3 Bd6 10. Qb3 c6 11. 0-0 Qb6 12. Qxb6 Nxb6 13. b3 0-0 14. Bb2 Re8 15. Rfd1 f4 16. gxf4 exf4 17. e4 Bg4 18. Re1 Bb4 19. Rec1 Rad8 20. Ne5 Be2 21. Bf1 f3 22. Rc2 Bd6 23. Bxe2 Bxe5 24. Bxf3 Bxb2 25. Rxb2 Rxd3 26. Be2 Rd4 27. f3 Kf7 28. Kf2 g5 29. Rg1 Kf6 30. h4 h6 31. hxg5+ hxg5 32. Rc2 Rd7 33. Rc5 Rd2 34. Rcxg5 Rxa2 35. Rg6+ Kf7 36. Rg7+ Kf8 37. Rg8+ Ke7 38. R1g7+ Kd8 39. Rxe8+ Kxe8 40. Rxb7 Rb2 41. Rxa7 Rxb3 42. Rc7 Rc3 43. Bb5 Kd8 44. Rxc6 Rxc6 45. Bxc6 Kc7 46. Bb5 Kd6 47. Kg3 Ke5 48. Bf1 Nd7 49. Bg2 Nf8 50. f4+ Kf6 51. Bh3 Kf7 52. Bf5 Ke7 53. Kh4 Kf7 54. Kh5 Ke7 55. e5 Ke8 56. Kh6 Kf7 57. Bg4 Ke8 58. Kg7 Ke7 59. f5 1-0

[Event "Frankfurt-chA"]
[Site "Frankfurt"]
[Date "2017.06.12"]
[Round "7"]
[White "Makilla, Tobias"]
[Black "Nagelsdiek, Ralf"]
[Result "0-1"]
[WhiteElo "1791"]
[BlackElo "2003"]
[PlyCount "100"]
[EventDate "2017.04.24"]
[EventType "swiss"]
[EventRounds "7"]
[EventCountry "GER"]
[SourceTitle "EXT 2018"]
[Source "ChessBase"]
[SourceDate "2017.10.13"]
[SourceVersion "1"]
[SourceVersionDate "2017.10.13"]
[SourceQuality "1"]

1. e4 c5 2. Nf3 d6 3. Bb5+ Bd7 4. Bxd7+ Qxd7 5. 0-0 Nc6 6. c3 Nf6 7. Re1 g6 8. d4 cxd4 9. cxd4 Bg7 10. Nc3 0-0 11. e5 dxe5 12. dxe5 Qxd1 13. Rxd1 Ng4 14. e6 fxe6 15. h3 Nge5 16. Ng5 Rfd8 17. Nxe6 Rxd1+ 18. Nxd1 Bh8 19. Bd2 Nc4 20. Bc3 Bxc3 21. Nxc3 h6 22. b3 Nd6 23. Re1 Kf7 24. Nd5 Rg8 25. b4 g5 26. a3 g4 27. h4 a5 28. Nec7 axb4 29. axb4 Nf5 30. Re6 Ncd4 31. Rb6 Nd6 32. Nc3 Rg6 33. Kf1 Rf6 34. Na4 Ne4 35. Rxf6+ exf6 36. Nd5 f5 37. Nac3 Nxc3 38. Nxc3 Ke6 39. Ne2 Kd5 40. Nxd4 Kxd4 41. Ke2 b5 42. g3 Kc4 43. Ke3 Kxb4 44. Kf4 Kc4 45. Kxf5 b4 46. Kxg4 b3 47. Kh5 b2 48. Kxh6 b1Q 49. f4 Qf5 50. Kg7 Kd5 0-1

[Event "Frankfurt-chA"]
[Site "Frankfurt"]
[Date "2017.05.29"]
[Round "6"]
[White "Nagelsdiek, Ralf"]
[Black "Hovsepyan, Vardan"]
[Result "0-1"]
[WhiteElo "2003"]
[BlackElo "2149"]
[PlyCount "184"]
[EventDate "2017.04.24"]
[EventType "swiss"]
[EventRounds "7"]
[EventCountry "GER"]
[SourceTitle "EXT 2018"]
[Source "ChessBase"]
[SourceDate "2017.10.13"]
[SourceVersion "1"]
[SourceVersionDate "2017.10.13"]
[SourceQuality "1"]

1. Nf3 f5 2. b3 d6 3. d4 Nf6 4. e3 e6 5. Bb2 b6 6. Bd3 Bb7 7. c4 Be4 8. Nc3 d5 9. Be2 Bxf3 10. gxf3 c6 11. Qc2 g6 12. 0-0-0 Na6 13. a3 Nc7 14. Kb1 Qd7 15. Rc1 Be7 16. h4 0-0-0 17. cxd5 exd5 18. e4 Kb7 19. e5 Nh5 20. Qd2 Ne6 21. Bf1 Rc8 22. Na2 Rc7 23. Qd3 Kc8 24. Nb4 Bxb4 25. axb4 b5 26. Bc3 Nhf4 27. Qe3 Qe7 28. Bd2 Kb7 29. Qc3 Ra8 30. Be3 Nh5 31. Rc2 Rcc8 32. Bd3 Qd8 33. Ra2 Qb6 34. Bf1 Re8 35. Bh3 Qd8 36. Rc1 Qd7 37. Qd2 Qe7 38. Bg5 Qc7 39. Rac2 Qb6 40. Rxc6 Qxc6 41. Rxc6 Kxc6 42. f4 Nxg5 43. fxg5 Kd7 44. Bg2 Ke6 45. Bf3 Ng7 46. Qa2 Reb8 47. Kc2 Rc8+ 48. Kd2 a6 49. Qa1 Ra7 50. Qa5 Rb8 51. Qa1 Ne8 52. Qh1 Rd7 53. h5 Rc8 54. Kd3 Rb8 55. Bg2 Rc8 56. f4 Rb8 57. hxg6 hxg6 58. Qh8 Rg7 59. Qf8 Rc8 60. Bf3 Rgc7 61. Qg8+ Ke7 62. Bd1 Rc1 63. Kd2 Ra1 64. Qxd5 Ra2+ 65. Kd3 Rc1 66. Bf3 Rac2 67. Bd1 Ra2 68. Qb7+ Rc7 69. Qf3 Rc1 70. d5 a5 71. bxa5 b4 72. d6+ Ke6 73. Qb7 Rxd1+ 74. Kc4 Rxd6 75. Kxb4 Rd4+ 76. Kc5 Rd7 77. Qc6+ Ke7 78. Qxg6 Rc2+ 79. Kb6 Rb2 80. Qxf5 Rxb3+ 81. Kc5 Rc7+ 82. Kd4 Rb4+ 83. Kd3 Rb3+ 84. Ke2 Rcc3 85. Qh7+ Kd8 86. Kd2 Rh3 87. Qe4 Rh2+ 88. Kc1 Rc3+ 89. Kd1 Rg3 90. Qd4+ Ke7 91. f5 Rgg2 92. Qa7+ Kf8 0-1

[Event "Frankfurt-chA"]
[Site "Frankfurt"]
[Date "2017.05.22"]
[Round "5"]
[White "Nagelsdiek, Ralf"]
[Black "Stock, Juergen"]
[Result "1-0"]
[WhiteElo "2003"]
[BlackElo "1831"]
[PlyCount "59"]
[EventDate "2017.04.24"]
[EventType "swiss"]
[EventRounds "7"]
[EventCountry "GER"]
[SourceTitle "EXT 2018"]
[Source "ChessBase"]
[SourceDate "2017.10.13"]
[SourceVersion "1"]
[SourceVersionDate "2017.10.13"]
[SourceQuality "1"]

1. Nf3 d5 2. c4 Nf6 3. g3 b6 4. Bg2 Bb7 5. Ne5 e6 6. Qa4+ c6 7. d4 Be7 8. cxd5 Nxd5 9. 0-0 0-0 10. Rd1 b5 11. Qb3 a5 12. e4 a4 13. Qc2 Nb4 14. Qe2 f6 15. Ng4 Qc8 16. a3 N4a6 17. Nc3 Nd7 18. Bh3 Nb6 19. d5 f5 20. exf5 Nxd5 21. Nxd5 cxd5 22. fxe6 Nc5 23. Bf4 Nb3 24. Qxb5 Nxa1 25. Rxa1 Bc6 26. Qd3 Qxe6 27. Nh6+ Qxh6 28. Bxh6 gxh6 29. Be6+ Kg7 30. Qc3+ 1-0

[Event "Frankfurt-chA"]
[Site "Frankfurt"]
[Date "2017.05.15"]
[Round "4"]
[White "Uwira, Oliver"]
[Black "Nagelsdiek, Ralf"]
[Result "1-0"]
[WhiteElo "2230"]
[BlackElo "2003"]
[PlyCount "75"]
[EventDate "2017.04.24"]
[EventType "swiss"]
[EventRounds "7"]
[EventCountry "GER"]
[SourceTitle "EXT 2018"]
[Source "ChessBase"]
[SourceDate "2017.10.13"]
[SourceVersion "1"]
[SourceVersionDate "2017.10.13"]
[SourceQuality "1"]

1. d4 Nf6 2. c4 g6 3. Nc3 Bg7 4. e4 d6 5. f3 0-0 6. Nge2 Nc6 7. Be3 a6 8. Qd2 Rb8 9. Rc1 h5 10. Nd1 e5 11. d5 Ne7 12. Nf2 c6 13. Nc3 b5 14. dxc6 bxc4 15. Bxc4 Nxc6 16. 0-0 Nd4 17. Rfd1 Qa5 18. b3 Bb7 19. Bh6 Rfd8 20. Qg5 Bxh6 21. Qxh6 d5 22. exd5 Nxd5 23. Nce4 Qb6 24. Qg5 Qe6 25. Nc5 Qf6 26. Qxf6 Nxf6 27. Nxb7 Rxb7 28. Re1 Re7 29. Nd3 e4 30. fxe4 Rxe4 31. Nc5 Rg4 32. Rf1 Nf5 33. Rce1 a5 34. a4 Nd5 35. h3 Rd4 36. Rf2 Nfe3 37. Bb5 f5 38. Ne6 1-0

[Event "Frankfurt-chA"]
[Site "Frankfurt"]
[Date "2017.05.08"]
[Round "3"]
[White "Nagelsdiek, Ralf"]
[Black "Senatov, Boris"]
[Result "1-0"]
[WhiteElo "2003"]
[BlackElo "1558"]
[PlyCount "99"]
[EventDate "2017.04.24"]
[EventType "swiss"]
[EventRounds "7"]
[EventCountry "GER"]
[SourceTitle "EXT 2018"]
[Source "ChessBase"]
[SourceDate "2017.10.13"]
[SourceVersion "1"]
[SourceVersionDate "2017.10.13"]
[SourceQuality "1"]

1. c4 e5 2. d3 Nf6 3. Nf3 Nc6 4. a3 a5 5. g3 d5 6. cxd5 Nxd5 7. Bg2 Be7 8. 0-0 0-0 9. Nc3 Nb6 10. Be3 Be6 11. Rc1 Nd5 12. Bd2 Kh8 13. Qc2 Qd7 14. Na4 Bh3 15. Nc5 Bxc5 16. Qxc5 Bxg2 17. Kxg2 Rfe8 18. Rfd1 Rad8 19. e4 Nf4+ 20. Bxf4 exf4 21. b4 axb4 22. axb4 Rc8 23. b5 Nd8 24. Qh5 Re6 25. Qf5 fxg3 26. Ng5 g6 27. Qh3 h5 28. Nxe6 Nxe6 29. Qxg3 Qxb5 30. d4 Qd7 31. d5 Ng7 32. Rd3 Ne8 33. e5 Rd8 34. Rcd1 Qf5 35. Rf3 Qe4 36. Qf4 Qxf4 37. Rxf4 Kg7 38. Rb4 b6 39. f4 Kf8 40. Kf3 Ke7 41. Rc4 Rd7 42. Rc6 Kd8 43. Ke4 Ke7 44. f5 gxf5+ 45. Kxf5 Ng7+ 46. Kf4 Ne8 47. Rh6 Ng7 48. Rg1 Ne8 49. Rxh5 f6 50. Rh7+ 1-0

[Event "Frankfurt-chA"]
[Site "Frankfurt"]
[Date "2016.06.06"]
[Round "6"]
[White "Grossjohann, Daniel"]
[Black "Nagelsdiek, Ralf"]
[Result "0-1"]
[WhiteElo "1838"]
[BlackElo "1983"]
[PlyCount "80"]
[EventDate "2016.04.25"]
[EventType "swiss"]
[EventRounds "9"]
[EventCountry "GER"]
[SourceTitle "EXT 2018"]
[Source "ChessBase"]
[SourceDate "2017.10.13"]
[SourceVersion "1"]
[SourceVersionDate "2017.10.13"]
[SourceQuality "1"]

1. e4 c5 2. Nf3 d6 3. d4 cxd4 4. Nxd4 Nf6 5. Nc3 a6 6. Be2 e5 7. Nb3 Be7 8. Be3 Be6 9. g4 d5 10. Bc5 d4 11. g5 Nfd7 12. Bxe7 Qxe7 13. Nd5 Bxd5 14. exd5 Qxg5 15. Qd2 Qxd2+ 16. Nxd2 Nb6 17. Ne4 Nxd5 18. Bc4 Nb4 19. 0-0-0 b5 20. Bb3 0-0 21. a3 N4c6 22. Rdg1 Nd7 23. Rg3 Ne7 24. h4 h6 25. Nd6 Nc5 26. Ba2 Rad8 27. b4 Rxd6 28. bxc5 Rf6 29. Rhg1 g6 30. h5 g5 31. R1g2 Kg7 32. Kd2 Rc8 33. c4 Rxc5 34. cxb5 axb5 35. Rb3 Rfc6 36. Bb1 f5 37. a4 bxa4 38. Rb7 Rc7 39. Rb6 a3 40. Ra6 Rb7 0-1

[Event "Hessen-ch op-A"]
[Site "Frankfurt Sossenheim"]
[Date "2015.??.??"]
[Round "4"]
[White "Mertens, Klaus"]
[Black "Nagelsdiek, Ralf"]
[Result "0-1"]
[WhiteElo "2058"]
[BlackElo "2009"]
[PlyCount "100"]
[EventDate "2015.05.13"]
[EventType "swiss"]
[EventRounds "7"]
[EventCountry "GER"]
[SourceTitle "EXT 2016"]
[Source "ChessBase"]
[SourceDate "2015.10.08"]
[SourceVersion "1"]
[SourceVersionDate "2015.10.08"]
[SourceQuality "1"]

1. Nf3 Nf6 2. g3 g6 3. Bg2 Bg7 4. c4 0-0 5. 0-0 Nc6 6. d4 a6 7. b3 d5 8. Bb2 Bf5 9. Nbd2 Ne4 10. cxd5 Nxd2 11. Nxd2 Nxd4 12. Nc4 c5 13. e3 b5 14. Ne5 Bxe5 15. exd4 Bf6 16. Qd2 c4 17. bxc4 bxc4 18. Rfc1 Bd3 19. Bc3 Rc8 20. Re1 Qb6 21. Qe3 Rfd8 22. Qf4 Rb8 23. h4 Qd6 24. Qc1 Rb5 25. Qe3 Rdb8 26. Qd2 Qa3 27. Bf3 Rb1 28. Kg2 Rxa1 29. Rxa1 h5 30. Re1 Rb1 31. Rxb1 Bxb1 32. Bb4 Qxa2 33. Qe3 Qb3 34. Qe1 Bf5 35. d6 e6 36. d7 Bh3+ 37. Kxh3 Qxf3 38. Kh2 Qd5 39. Qc3 Bxd4 40. Qxc4 Qxd7 41. Qxa6 Bxf2 42. Qa8+ Kh7 43. Qe4 Qd1 44. Qg2 Bd4 45. Be7 e5 46. Kh3 Bg1 47. Qe4 Qf1+ 48. Qg2 Qf5+ 49. g4 Qd3+ 50. Qg3 Qf1+ 0-1

[Event "Hessen-ch op-A"]
[Site "Frankfurt Sossenheim"]
[Date "2015.??.??"]
[Round "7"]
[White "Nagelsdiek, Ralf"]
[Black "Kulenovic, Adnan"]
[Result "0-1"]
[WhiteElo "2009"]
[BlackElo "1904"]
[PlyCount "56"]
[EventDate "2015.05.13"]
[EventType "swiss"]
[EventRounds "7"]
[EventCountry "GER"]
[SourceTitle "EXT 2016"]
[Source "ChessBase"]
[SourceDate "2015.10.08"]
[SourceVersion "1"]
[SourceVersionDate "2015.10.08"]
[SourceQuality "1"]

1. c4 Nc6 2. g3 e5 3. Bg2 h6 4. Nc3 g5 5. e3 Bg7 6. b3 d6 7. Bb2 Bf5 8. Bxc6+ bxc6 9. Qe2 Ne7 10. g4 Bg6 11. h4 0-0 12. hxg5 hxg5 13. f4 exf4 14. exf4 Re8 15. 0-0-0 Nd5 16. Qh2 Nxf4 17. d3 Nxd3+ 18. Rxd3 Bxd3 19. Ne4 Bxb2+ 20. Qxb2 Re5 21. Qh2 Kf8 22. Qh6+ Ke7 23. Nf2 Bg6 24. Nf3 Re2 25. Nd4 Kd7 26. Nxe2 Qe7 27. Kd1 Re8 28. Nf4 gxf4 0-1